000 00663cab a2200217 4500
001 WB3219-28
008 090401t1996 xxu||||| |||| 00| 0 eng d
035 _a(Sirsi) u1700
041 _aeng
245 _aEuro mortgages
260 _c1996
350 _a0
490 _aGuardian
_v16 May 1996, 18(1)
520 _aBritain`s biggest mortgage lenders plan to overhaul the traditional home loan ahead of a single european currency with the launch of euro mortgages.
650 _aEURO MORTGAGES
650 _aMORTGAGE LENDERS
650 _aSINGLE EUROPEAN CURRENCY
690 _aPROPERTY-PROPERTY FINANCE AND INVESTMENT
942 _n0
948 _c04/03/1997
999 _c972
_d972